El sistema parlamentario en España y sus relaciones con el caciquismo : (Record no. 121659)

MARC details
000 -LEADER
campo de control de longitud fija 00819nam a2200217 i 4500
001 - NÚMERO DE CONTROL
campo de control 121659
003 - IDENTIFICADOR DE NÚMERO DE CONTROL
campo de control ES-MaACL
005 - FECHA Y HORA DE LA ÚLTIMA TRANSACCIÓN
campo de control 20250904063056.0
007 - CAMPO FIJO DE DESCRIPCIÓN FÍSICA--INFORMACIÓN GENERAL
campo de control de longitud fija t|
008 - DATOS DE LONGITUD FIJA--INFORMACIÓN GENERAL
campo de control de longitud fija 070214s1914 sp r ||||1| spa d
100 1# - ENTRADA PRINCIPAL--NOMBRE DE PERSONA
Nombre de persona Porteiro Garea, Luis,
Fechas asociadas al nombre 1888-1918
9 (RLIN) 93200
245 13 - MENCIÓN DEL TÍTULO
Título El sistema parlamentario en España y sus relaciones con el caciquismo :
Resto del título tesis para el grado de doctor en derecho /
Mención de responsabilidad, etc. Luis Porteiro Garea.
260 ## - PUBLICACIÓN, DISTRIBUCIÓN, ETC.
Lugar de publicación, distribución, etc. Madrid :
Nombre del editor, distribuidor, etc. [s.n.],
Fecha de publicación, distribución, etc. 1914 (
Fabricante Imp. de Juan Pueyo)
300 ## - DESCRIPCIÓN FÍSICA
Extensión 80 p. ;
Dimensiones 23 cm.
502 ## - NOTA DE TESIS
Nota de tesis Tesis doctoral.
594 ## - Nota al título y mención de responsabilidad
Nota al título y mención de responsabilidad En p. 1, a pie del texto: Ateneo de Madrid, 26-IV-1913.
650 #4 - PUNTO DE ACCESO ADICIONAL DE MATERIA--TÉRMINO DE MATERIA
Término de materia o nombre geográfico como elemento de entrada Parlamentarismo-
Subdivisión geográfica España.
9 (RLIN) 154821
650 #7 - PUNTO DE ACCESO ADICIONAL DE MATERIA--TÉRMINO DE MATERIA
Término de materia o nombre geográfico como elemento de entrada Caciquismo
Fuente del encabezamiento o término embne
9 (RLIN) 226982
852 ## - LOCALIZACIÓN
Ubicación ES-MaACL
Número de control de estantería T-1396-F-2
Nota libre - Dedicatoria autógrafa del autor
Holdings
Estatus retirado Estado de pérdida Estado de daño No para préstamo Colección Biblioteca de origen Biblioteca actual Ubicación en estantería Fecha de adquisición Fuente de adquisición Total de préstamos Signatura topográfica completa Código de barras Visto por última vez Precio de reemplazo Tipo de ítem Koha
        Colección de folletos Biblioteca del Ateneo de Madrid Biblioteca del Ateneo de Madrid Depósito folletos 17/01/2008     T-1396-F-2 1126784 23/02/2023 23/02/2023 Folleto